| 000 | 01031cam a2200313 a 4500 | ||
|---|---|---|---|
| 999 |
_c12 _d12 |
||
| 001 | 12197515 | ||
| 003 | OSt | ||
| 005 | 20190319192044.0 | ||
| 008 | 001006s2000 oku 000 0 eng d | ||
| 010 | _a 00709421 | ||
| 020 | _a0446532002 | ||
| 035 | _a(OCoLC)ocm44741824 | ||
| 040 |
_aKG6 _cKG6 _dVHB _dDLC |
||
| 042 | _alccopycat | ||
| 050 | 0 | 0 |
_aBS2545.L6 _bM49 2000 |
| 082 | 0 | 0 |
_a241 _221 _bM575R |
| 100 | 1 |
_aMeyer, Joyce, _d1943- |
|
| 245 | 1 | 0 |
_aReduce me to love : _bunlocking the secret to lasting joy / _cby Joyce Meyer. |
| 246 | 1 | 0 | _aUnlocking the secret to lasting joy |
| 246 | 1 | 0 | _aSecret to lasting joy |
| 260 |
_aTulsa, OK : _bHarrison House, _cc2000. |
||
| 300 |
_a175 p. ; _c24 cm. |
||
| 650 | 0 |
_aLove _xBiblical teaching. |
|
| 650 | 0 | _aJoy. | |
| 650 | 0 |
_aSpiritual life _xChristianity. |
|
| 906 |
_a7 _bcbc _ccopycat _d2 _encip _f20 _gy-gencatlg |
||
| 942 |
_2ddc _cBK |
||